00704nam a2200241 a 4500001001300000003000900013005001700022008004100039020000900080082001600089100002400105245003600129260005200165300000900217500003500226505001000261650002200271700002400293902000800317942000700325952011500332999001500447nice12345678IN_TiNIC20260116012711.0050524s1985 hyda grp 000 0 urd  ac3000a954.84bQAD aQadeer, Iqbal Jahan aHyderabad Ki Mushtarika Tahzeeb aHyderabadbLucky Fine Arts Printing Pressc1985 a176p aincludes index and biblioraphy2 aIndex aHyderabad-Culture1 aQadeer, Iqbal Jahan bSRS cBK 001040708StackRoom-aHMIbHMId2007-04-11g30.00l0o954.84 QADp012278r2007-04-11v30.00w2005-05-24yBK c8007d8007